000 00456nam a22001817a 4500
003 koha_MIRAKIL
005 20231213095623.0
008 231213b |||||||| |||| 00| 0 ||| d
020 _b978-9-75824011-1
040 _aTR-IsEVY
_btur
_cTR-IsEVY
082 _a700 ÇOR/T
100 _aÇORUHLU, YAŞAR.
245 0 _aTÜRK MİTOLOJİSİNİN ANAHATLARI.
260 _bKabalcı,
_c2006
300 _a238.
650 _aGüzel Sanatlar.
942 _2ddc
_cBK
999 _c6679
_d6679